Tilastot visalle São Tomé ja Príncipe -visa

Klikkaa tästä pelataksesi tätä visaa!

Yleistilastot

  • Tätä visaa on pelattu 154 kertaa
  • Keskiarvotulos 8 / 14

Vastaustilastot

VihjeVastaus% Oikein
PääkaupunkiSão Tomé
91%
Virallinen kieliPortugali
90%
Afrikan mantereen valtio, joka sijaitsee saarilta itäänGabon
83%
Merenlahti, jossa São Tomé ja Príncipe sijaitseeGuineanlahti
73%
Toiseksi suurin saariPrincipe
70%
Noin puolet viennistä kattava kasviKaakao
59%
Tuliperäinen vuorijono, johon São Tomé ja Príncipe kuuluu{Kamerun}linja
53%
Käsite, jolla viitataan saarilla asuviin ihmisiin, joilla on sekä afrikkalais- että eurooppalaistaustaaMestiço
43%
Henkilö, jonka mukaan maa on nimettyTuomas
42%
ValuuttaDobra
39%
Nimeä toinen suurista saaren mukaan nimetyistä kotoperäisistä linnuistaSãotomén{kyyhky} | Sãotomén{medestäjä}
35%
Toiseksi puhutuin kieli, perustuu yllä olevaanForro
32%
Vuoden 1953 verilöyly, jossa portugalilaiset siirtomaaisännät surmasivat pari prosenttia saarten väestöstä{Batepá}n verilöyly
31%
Neulan muotoinen noin 600 metrin korkuinen vuori pääsaarellaPico {Cão} Grande
26%

Tulosjakauma

Persentiili vastausten määrän mukaan

Jokaisen tuloksen saaneiden osuus

Tuloshistoriasi

Et ole pelannut tätä visaa